LEADER 01173cam0-2200385---450- 001 990005657140403321 005 20101006122837.0 010 $a2-228-11800-1 035 $a000565714 035 $aFED01000565714 035 $a(Aleph)000565714FED01 035 $a000565714 100 $a19990604d1976----km-y0itay50------ba 101 0 $afre 102 $aFR 105 $ay-------001yy 200 1 $aNaissance de la conscience romantique au siècle des lumières$fGeorges Gusdorf 210 $aParis$cPayot$d1976 215 $a451 p.$d23 cm 225 1 $aBibliothèque scientifique 225 1 $a<>sciences humaines et la pensée occidentale$v7 517 1 $a<>sciences humaines et la pensée occidentale 610 0 $aRomanticismo$aSec. 18$aOrigini 676 $a141.6 676 $a840 700 1$aGusdorf,$bGeorges$0142497 801 0$aIT$bUNINA$gREICAT$2UNIMARC 901 $aBK 912 $a990005657140403321 952 $aSDI-2KG 459$bs.i.$fSDI 952 $aP.1 FG 2023$bIST.ST.FIL. 5704$fFLFBC 959 $aFLFBC 959 $aSDI 996 $aNaissance de la conscience romantique au siècle des lumières$9600924 997 $aUNINA LEADER 01654nam 22004813 450 001 9911028741703321 005 20250930085251.0 010 $a3-031-97784-X 035 $a(MiAaPQ)EBC32321031 035 $a(Au-PeEL)EBL32321031 035 $a(CKB)41018824400041 035 $a(EXLCZ)9941018824400041 100 $a20250930d2025 uy 0 101 0 $aeng 135 $aurcnu|||||||| 181 $ctxt$2rdacontent 182 $cc$2rdamedia 183 $acr$2rdacarrier 200 10$aElder Abuse and Neglect $eA Case-Based Guide for Health Care and Elder Justice Professionals 205 $a1st ed. 210 1$aCham :$cSpringer,$d2025. 210 4$d©2025. 215 $a1 online resource (255 pages) 225 1 $aMedicine Series 311 08$a3-031-97783-1 330 $aCases of elder abuse and neglect are challenging, complex and dangerous.Health care practitioners are regularly faced with these cases but are often unable and untrained to adequately respond.Practitioners are typically working in silos without the support of a team. 410 0$aMedicine Series 606 $aMEDICAL / Geriatrics$2bisacsh 606 $aMEDICAL / Health Policy$2bisacsh 606 $aMEDICAL / Nursing / Gerontology$2bisacsh 615 7$aMEDICAL / Geriatrics 615 7$aMEDICAL / Health Policy 615 7$aMEDICAL / Nursing / Gerontology 676 $a362.682 700 $aLoFaso$b Veronica$01849501 701 $aRachmuth$b Lisa$01849502 801 0$bMiAaPQ 801 1$bMiAaPQ 801 2$bMiAaPQ 906 $aBOOK 912 $a9911028741703321 996 $aElder Abuse and Neglect$94439473 997 $aUNINA